| 000 | 00926nam a22002417a 4500 | ||
|---|---|---|---|
| 005 | 20150124124131.0 | ||
| 008 | 121205t nyu||||| |||| 00| 0 eng d | ||
| 020 | _a9780195151084 | ||
| 050 | 0 | 4 |
_aRA445 _bG53 2005 |
| 245 | 0 | 4 |
_aThe guide to community preventive services _b : what works to promote health _c / Stephanie Zaza, Peter A. Briss co-director ; Kate W. Harris managing editor |
| 250 | _a1a ed. | ||
| 260 |
_aNew York : _bOxford University Press, _c2005 |
||
| 300 |
_axxxvi, 506 p. ; _c23 cm. |
||
| 504 | _aIncluye bibliografía e índice | ||
| 650 | 7 |
_2LEMB _aServicios de salud preventiva _zEstados Unidos |
|
| 650 | 7 |
_2LEMB _aSalud pública _zEstados Unidos |
|
| 650 | 4 |
_aServicios de salud _zEstados Unidos |
|
| 700 | 1 |
_aZaza, Stephanie _edir. |
|
| 700 | 1 |
_aBriss, Peter A. _edir. |
|
| 700 | 1 |
_aHarris, Kate W. _eed. |
|
| 710 | 1 |
_aUnited States _bTask Force on Community Preventive Services |
|
| 942 |
_2lcc _cLIB |
||
| 999 |
_c35186 _d35186 |
||